| 000 | 08142nai a22001937a 4500 | ||
|---|---|---|---|
| 003 | OSt | ||
| 005 | 20170315153122.0 | ||
| 008 | 170209b xxu||||| |||| 00| 0 eng d | ||
| 040 |
_aBMC _cBMC |
||
| 082 | _a909 | ||
| 245 | 0 | 3 |
_aLa aventura de la historia _b: diciembre _cJavier Villalba, editor |
| 260 |
_aMadrid _bGrupo Unidad _c2001 |
||
| 300 |
_a130 p. _c28 cm |
||
| 490 |
_aLa aventura de la historia _v38, año 4 |
||
| 505 | _aContiene: Retrato en rosa, Hitler.- El año negro de Felipe II.- Juana de Castilla.- La Beltraneja.- | ||
| 650 | 2 | 4 |
_91258 _aHistoria universal |
| 700 | 1 |
_920715 _aVillalba, Javier |
|
| 942 |
_2ddc _cPR |
||
| 999 |
_c27144 _d27144 |
||